000 00625nam a2200205Ia 4500
005 20250507130349.0
008 008 250505s9999 xx 000 0 eng d
020 _a1920385055503
037 _aAnnuals, Advances
040 _aEASL
_beng
_cEASL
041 _aeng
_2eng
084 _aY15OaP42, P4
_qEASL
100 _aOkamoto Shigeko Ed.
_9665332
245 0 _aJapanese language ,gender and ideology
260 _aUK
_bOxford Oxford Univesity press
_c2004
300 _a300p.
700 _aSmith Janet S. Shibamoto Ed.
_9665333
942 _cTEXL
_hY15OaP42, P4
999 _c1319255
_d1319255